Szczegóły MARC21

Die endlose Unschuldigkeit : Prosa, Hörspiel, Essay /

003 -Nazwa inst., której nr kontr. jest w polu 001 [,]
    • @
    • Nazwa instytucji, której n kontrolny jest w polu 001
    • NUKAT
005 -DATA I CZAS OSTATNIEJ MODYFIKACJI [,]
    • @
    • pole kontrolne
    • 20241231102242.0
020 -Międzynarod. znormalizowany nr książki - ISBN [ , ]
    • a
    • Numer ISBN
    • 3922087558 Find
040 -Instytucja sporządzająca opis [ , ]
    • a
    • Instytucja, która sporządziła opis (NP)
    • WR U/BAs
    • c
    • Instytucja, która sporządziła rekord (NP)
    • WR U/jd
    • d
    • Instytucja, która zmodyfikowała rekord (P)
    • WR U/es
    • d
    • Instytucja, która zmodyfikowała rekord (P)
    • KR U/JAKs
    • d
    • Instytucja, która zmodyfikowała rekord (P)
    • WA U/MKKs
942 -Rodzaj dokumentu [ , ]
    • c
    • Rodzaj dokumentu
    • Książka
100 -Hasło główne - nazwa osobowa [1, ]
    • a
    • Nazwa osobowa (NP)
    • Jelinek, Elfriede
    • d
    • Daty biograficzne (NP)
    • (1946- ).
    • 9
    • KHW
    • 31875
245 -Strefa tytułu i oznaczenia odpowiedzialności [1,4]
    • a
    • Tytuł
    • Die endlose Unschuldigkeit : Find
    • b
    • Ciąg dalszy tytułu (NP)
    • Prosa, Hörspiel, Essay / Find
    • c
    • Pozostałe elementy strefy tytułu i oznaczenia odpowiedzialności (NP)
    • Elfriede Jelinek.
260 -Strefa adresu wydawniczego [ , ]
    • a
    • Miejsce wydania (P)
    • [Schwifting] :
    • b
    • Nazwa wydawcy (P)
    • Schwiftinger Galerie-Verlag,
    • c
    • Data wydania (P)
    • cop. 1980.
300 -Strefa opisu fizycznego [ , ]
    • a
    • Określenie formy książki i/lub objętość (NP)
    • 82 s. ;
    • c
    • Format (NP)
    • 19 cm.
336 -Typ zawartości [ , ]
    • a
    • Termin opisujący typ zawartości
    • Tekst
    • b
    • Kod określający zawartość
    • txt
    • 2
    • Źródło (terminu i kodu)
    • rdacontent
337 -Typ mediów [ , ]
    • a
    • Tryb odtwarzania
    • Bez urządzenia pośredniczącego
    • b
    • Kod typu mediów
    • n
    • 2
    • Źródło (terminu i kodu)
    • rdamedia
338 -Typ/rodzaj nośnika [ , ]
    • a
    • Hasło opisujące typ nośnika
    • Wolumin
    • b
    • Kod typu nośnika
    • nc
    • 2
    • Źródło (terminu i kodu)
    • rdacarrier
505 -Uwaga dot. zawartości książki [0, ]
    • a
    • Uwaga dot. zawartości książki
    • Paula ; Ballade von drei wichtigen Männern sowie dem Personenkreis um sie herum ; Die endlose Unschuldigkeit.
655 -Hasło w funkcji tematu formalnego [ ,7]
    • a
    • Hasło
    • Dramat austriacki
    • y
    • Określnik chronologiczny
    • 1970-2000.
    • 2
    • Źródło terminu
    • kaba
    • 9
    • KHW
    • 429002
655 -Hasło w funkcji tematu formalnego [ ,7]
    • a
    • Hasło
    • Proza austriacka
    • y
    • Określnik chronologiczny
    • 1970-2000.
    • 2
    • Źródło terminu
    • kaba
    • 9
    • KHW
    • 449217
655 -Hasło w funkcji tematu formalnego [ ,7]
    • a
    • Hasło
    • Eseje austriackie
    • y
    • Określnik chronologiczny
    • 1970-2000.
    • 2
    • Źródło terminu
    • kaba
    • 9
    • KHW
    • 500645
700 -Hasło dodatkowe - nazwa osobowa [1,2]
    • a
    • Nazwa osobowa (NP)
    • Jelinek, Elfriede Find
    • d
    • Daty biograficzne (NP)
    • (1946- ).
    • t
    • Tytuł ujednolicony/tytuł (NP)
    • Paula Find
    • l
    • Język tekstu (NP)
    • (niem.)
    • 9
    • KHW
    • 479514
700 -Hasło dodatkowe - nazwa osobowa [1,2]
    • a
    • Nazwa osobowa (NP)
    • Jelinek, Elfriede Find
    • d
    • Daty biograficzne (NP)
    • (1946- ).
    • t
    • Tytuł ujednolicony/tytuł (NP)
    • Ballade von drei wichtigen Männern sowie dem Personenkreis um sie herum Find
    • l
    • Język tekstu (NP)
    • (niem.)
    • 9
    • KHW
    • 479516
700 -Hasło dodatkowe - nazwa osobowa [1,2]
    • a
    • Nazwa osobowa (NP)
    • Jelinek, Elfriede Find
    • d
    • Daty biograficzne (NP)
    • (1946- ).
    • t
    • Tytuł ujednolicony/tytuł (NP)
    • Endlose Unschuldigkeit Find
    • l
    • Język tekstu (NP)
    • (niem.)
    • 9
    • KHW
    • 479515
920 -ISBN [ , ]
    • a
    • ISBN
    • 3-922087-55-8 Find
Status udost. Sygnatura Lokalizacja Data inwentaryzacji Numer inwentarzowy
-3Germ. Literatura austriackaBM2019-02-22BC.12227